|
|
|
|
| LEADER |
00000nab a2200000 a 4500 |
| 001 |
vtls000668203 |
| 003 |
SK-MaSNL |
| 005 |
20260304094932.0 |
| 008 |
250425c1998 xo 0 slo |
| 015 |
|
|
|a SNBRB1998/07-18618
|
| 035 |
|
|
|a CLN000020384
|
| 035 |
|
|
|a urn:nbn:sk:snk-ab2a79
|
| 035 |
|
|
|a (urnnbn)urn:nbn:sk:snk:ar-a020l5
|
| 035 |
|
|
|a (uuid)b5410e8d-5d02-4778-b3a4-389736c46739
|
| 040 |
|
|
|a SNKBUCL
|b slo
|c SNKBUCL
|e AACR2
|
| 041 |
0 |
|
|a slo
|
| 044 |
|
|
|a xo
|c SK
|
| 080 |
|
|
|a 342.7-053.2
|2 1997
|
| 100 |
1 |
|
|a Colotka, Peter,
|d 1956-
|4 aut
|9 119473
|
| 245 |
1 |
0 |
|a Práva dieťaťa na prahu postmodernizmu
|n (1.časť)
|c Peter Colotka
|
| 504 |
|
|
|a Bibliogr. odkazy
|
| 546 |
|
|
|a Res. angl.
|
| 650 |
0 |
7 |
|a práva detí
|2 snkbucl
|9 2258
|
| 650 |
0 |
7 |
|a postmodernizmus
|2 snkbucl
|9 4085
|
| 773 |
0 |
|
|t Právny obzor
|g Roč. 81, č. 4 (1998), s. 317-324
|x 0032-6984
|
| 850 |
|
|
|a Slovenská národná knižnica
|
| 852 |
|
|
|a Slovenská národná knižnica
|
| 954 |
|
|
|a odborná, vedecká literatúra pôvodná (slovenská)
|2 lita
|
| 958 |
|
|
|a article27
|
| 958 |
|
|
|a NB
|
| 958 |
|
|
|a OND
|
| 958 |
|
|
|a EUIPO
|
| 999 |
|
|
|c 2829807
|d 2831737
|